| 000 | 00912nam a22002297a 4500 | ||
|---|---|---|---|
| 005 | 20210325180622.0 | ||
| 008 | s2543 th tha d | ||
| 020 | _a9748778002 | ||
| 041 | _atha | ||
| 050 | _aHN700.55.Z9S65 ก499ท 2543 | ||
| 245 | 1 | 0 | _aทิศบ้านทางเมืองบนเส้นทางประชาสังคมไทย |
| 260 | 3 |
_aกรุงเทพฯ : _bสถาบันการเรียนรู้และพัฒนาประชาสังคม, _c2543 |
|
| 300 |
_a207 หน้า ; _b 21 ซม. |
||
| 650 | 0 | 4 | _aการเปลี่ยนแปลงทางสังคม |
| 650 | 0 | 4 | _aประชาสังคม |
| 650 | 0 | 4 | _aประชาสังคม -- ไทย |
| 650 | 0 | 4 | _aสังคม -- ไทย |
| 850 | _aNALT | ||
| 942 | _cGB | ||
| 997 | _c000000000009763 | ||
| 998 | _aSAIPHON DEENGAM | ||
| 999 |
_c9763 _d9763 |
||